|
|
|
|
| LEADER |
01141ncm a22003012a 4500 |
| 001 |
001101959 |
| 003 |
CZ BrMZK |
| 005 |
20111006102329.0 |
| 007 |
qu |
| 008 |
100616s1977 xr |||||||||||||||||cze d |
| 040 |
|
|
|a BOA001
|b cze
|
| 072 |
|
7 |
|a 784
|x Vokální hudba
|2 Konspekt
|9 9
|
| 100 |
1 |
|
|a Gärtner, Katarzyna,
|d 1942-
|7 xx0036807
|4 cmp
|
| 245 |
1 |
0 |
|a Bezpečí
|h [hudebnina] :
|c slow beat / Katarzyna Gärtnerová ; orig. text E. Bryll, český text J. Fikejzová. Proč žiješ rád : folk song / Z. Lorencová ; arrang. V. Pokorný
|
| 250 |
|
|
|a 1. vyd.
|
| 260 |
|
|
|a Praha :
|b Panton,
|c 1977
|
| 300 |
|
|
|a 5 hlasů
|
| 490 |
1 |
|
|a Pop serie Panton
|v 23
|
| 700 |
1 |
|
|a Bryll, Ernest,
|d 1935-2024
|7 ola2002157678
|4 lyr
|
| 700 |
1 |
|
|a Pokorný, Václav,
|d 1918-2011
|7 ola2002108019
|4 arr
|
| 700 |
1 |
|
|a Fikejzová, Jiřina,
|d 1927-2020
|7 jk01031114
|4 lyr
|
| 700 |
1 |
|
|a Lorencová, Zdenka,
|d 1947-
|7 mzk2005306619
|4 cmp
|
| 740 |
0 |
2 |
|a Proč žiješ rád
|
| 830 |
|
0 |
|a Pop serie Panton
|
| 910 |
|
|
|a BOA001
|b Mus3-0786.012
|
| 990 |
|
|
|a MU
|
| 991 |
|
|
|b 201006
|
| 996 |
6 |
|
|b 2619457785
|c Mus3-0786.012
|l MZK
|r Sklad / do 1 hodiny
|n 0
|w 001128646
|u 000010
|a 1
|e BOA001
|j MZK50
|s P
|